[Event "SPICE Cup Open 2018"]
[Site "Saint Louis USA"]
[Date "2018.10.27"]
[Round "8.2"]
[White "Bruzon Batista, Lazaro"]
[Black "Lenderman, Aleksandr"]
[Result "1/2-1/2"]
[WhiteTitle "GM"]
[BlackTitle "GM"]
[WhiteElo "2653"]
[BlackElo "2626"]
[WhiteFideId "3503739"]
[BlackFideId "2021285"]
[EventDate "2018.10.23"]

1. e4 e6 2. d4 d5 3. Nd2 c5 4. exd5 Qxd5 5. dxc5 Bxc5 6. Ngf3 Nf6 7. Bc4 Qc6 8.
Qe2 O-O 9. O-O b6 10. Nb3 Bb7 11. Nxc5 Qxc5 12. b3 Nbd7 13. Bb2 Qh5 14. Ne5 Qxe2
15. Bxe2 Nxe5 16. Bxe5 Rfd8 17. Rfd1 Ne4 18. f3 Nc5 19. Kf2 f6 20. Bc7 Rdc8 21.
Bd6 Bd5 22. c4 Bc6 23. b4 Nb7 24. Bf4 Ba4 25. Rd2 Rd8 26. Rc1 e5 27. Be3 Rxd2
28. Bxd2 Be8 29. Be3 Rc8 30. Rc3 Bf7 31. Ra3 a5 32. Bxb6 axb4 33. Ra7 Nd8 34.
Bxd8 Rxd8 35. Rb7 Ra8 36. Rxb4 Be8 37. Rb2 Kf8 38. Bd3 Bf7 39. c5 g6 40. c6 Rc8
41. Rc2 Ke7 42. Bb5 Bd5 43. Ke3 Kd6 44. f4 exf4+ 45. Kxf4 Rc7 46. Ke3 Re7+ 47.
Kf2 Kc7 48. g3 Re5 49. a4 Be4 50. Rd2 Bd5 51. Rd3 h5 52. Re3 Be4 53. h4 g5 54.
hxg5 fxg5 55. Kg1 Re8 56. a5 Rb8 57. Rxe4 Rxb5 58. Ra4 Rc5 59. a6 Kb8 60. a7+
Ka8 61. Ra6 h4 62. gxh4 gxh4 63. Kh2 Rc2+ 64. Kh3 Rc4 65. Ra3 Rxc6 66. Kxh4 Rc7
67. Kg3 Rxa7 68. Rxa7+ Kxa7 1/2-1/2

[Event "SPICE Cup Open 2018"]
[Site "Saint Louis USA"]
[Date "2018.10.27"]
[Round "8.3"]
[White "Durarbayli, Vasif"]
[Black "Cori, Jorge"]
[Result "0-1"]
[WhiteTitle "GM"]
[BlackTitle "GM"]
[WhiteElo "2629"]
[BlackElo "2664"]
[WhiteFideId "13402935"]
[BlackFideId "3802272"]
[EventDate "2018.10.23"]

1. e4 c5 2. Nf3 e6 3. d4 cxd4 4. Nxd4 Nc6 5. Nc3 Qc7 6. Be3 a6 7. Qf3 Nf6 8.
O-O-O d6 9. Nxc6 Qxc6 10. g4 b5 11. g5 Nd7 12. a3 Bb7 13. Qh3 Rc8 14. g6 Nf6 15.
Rg1 Qc7 16. Bd3 e5 17. gxf7+ Qxf7 18. Nd5 Be7 19. f4 exf4 20. Bd4 Rf8 21. Nxf4
g5 22. Nd5 g4 23. Nxf6+ Bxf6 24. Qe3 Qg7 25. Bxf6 Rxf6 26. Kb1 Rc5 27. Be2 Qg5
28. Qd4 h5 29. b4 Re5 30. Bd3 Kf7 31. Rdf1 Kg7 32. Rxf6 Qxf6 33. Rf1 Rf5 34.
Qxf6+ Rxf6 35. Re1 Kh6 36. Re2 h4 37. Kc1 Kg5 38. e5 dxe5 39. Rxe5+ Kf4 40. Rh5
h3 41. Kd2 Be4 42. Rh8 Bxd3 43. cxd3 Kf3 44. Rg8 Rf4 45. Rg6 Kg2 46. Ke3 Rf3+
47. Ke4 Kxh2 48. Rxg4 Rg3 49. Rh4 Kg2 50. d4 h2 51. Rxh2+ Kxh2 52. d5 Rxa3 53.
d6 Ra1 54. Ke5 Rd1 55. Ke6 Kg3 0-1

[Event "SPICE Cup Open 2018"]
[Site "Saint Louis USA"]
[Date "2018.10.27"]
[Round "8.4"]
[White "Shimanov, Aleksandr"]
[Black "Liang, Awonder"]
[Result "0-1"]
[WhiteTitle "GM"]
[BlackTitle "GM"]
[WhiteElo "2626"]
[BlackElo "2572"]
[WhiteFideId "4198603"]
[BlackFideId "2056437"]
[EventDate "2018.10.23"]

1. e4 e5 2. Nf3 Nc6 3. Bc4 Bc5 4. c3 Nf6 5. d3 O-O 6. Bg5 h6 7. Bh4 Be7 8. Nbd2
d6 9. a4 Nh5 10. g3 Nf6 11. Bxf6 Bxf6 12. h4 Be6 13. Bxe6 fxe6 14. b4 a5 15. b5
Nb8 16. Qb3 Qe7 17. O-O Nd7 18. d4 Kh8 19. Kg2 Qf7 20. Rae1 Be7 21. dxe5 Nxe5
22. Nxe5 dxe5 23. Qd1 Rad8 24. Qe2 Bxh4 25. Nc4 Be7 26. Nxe5 Qf6 27. Qh5 Kh7 28.
f4 Rd2+ 29. Re2 Rfd8 30. Kh3 Rxe2 31. Qxe2 Bd6 32. Nf3 Qxc3 33. Rd1 Be7 34. Rxd8
Bxd8 35. e5 Kg8 36. Qe4 Qa1 37. g4 Qh1+ 0-1

[Event "SPICE Cup Open 2018"]
[Site "Saint Louis USA"]
[Date "2018.10.27"]
[Round "8.5"]
[White "Quesada Perez, Yuniesky"]
[Black "Bok, Benjamin"]
[Result "1/2-1/2"]
[WhiteTitle "GM"]
[BlackTitle "GM"]
[WhiteElo "2622"]
[BlackElo "2639"]
[WhiteFideId "3504409"]
[BlackFideId "1017063"]
[EventDate "2018.10.23"]

1. e4 e5 2. Nf3 Nc6 3. Bb5 Nf6 4. d3 Bc5 5. Bxc6 dxc6 6. Nbd2 Be6 7. O-O Nd7 8.
b3 O-O 9. Bb2 f6 10. d4 Bd6 11. Qe2 Bg4 12. Rfe1 exd4 13. Bxd4 Qe7 14. h3 Bh5
15. Qe3 Rfe8 16. Nh4 Rad8 17. Nc4 b6 18. Nf5 Qf8 19. Ncxd6 cxd6 20. Qg3 Ne5 21.
f4 Nd7 22. Re3 Bg6 23. Qg4 Bxf5 24. Qxf5 Qf7 25. Rae1 Qg6 26. Qg4 Qxg4 27. hxg4
Nf8 28. g3 Kf7 29. Kf2 c5 30. Bc3 d5 31. exd5 Rxe3 32. Rxe3 Rxd5 33. Kf3 h6 34.
Rd3 Rxd3+ 35. cxd3 Ke6 36. Ke4 Nd7 37. a3 a6 38. Bd2 Nb8 39. b4 Nc6 40. bxc5
bxc5 41. f5+ Kd7 42. Be3 Ne5 43. Bxc5 Nxg4 44. d4 h5 45. d5 Ne5 46. Bb4 g5 47.
fxg6 Nxg6 48. Kf5 h4 49. gxh4 Nxh4+ 50. Kxf6 Ng2 51. Ke5 Ne3 52. d6 Nc4+ 53. Kd5
Nb6+ 54. Kd4 Kc6 55. Ke5 Nc4+ 56. Ke6 Nxd6 57. Bxd6 Kb7 1/2-1/2

[Event "SPICE Cup Open 2018"]
[Site "Saint Louis USA"]
[Date "2018.10.27"]
[Round "8.6"]
[White "Prohaszka, Peter2"]
[Black "Wang, Justin"]
[Result "1/2-1/2"]
[WhiteTitle "GM"]
[BlackTitle "FM"]
[WhiteElo "2626"]
[BlackElo "2377"]
[WhiteFideId "726265"]
[BlackFideId "30911370"]
[EventDate "2018.10.23"]

1. d4 Nf6 2. c4 e6 3. g3 d5 4. Bg2 Bb4+ 5. Nd2 O-O 6. Nf3 b6 7. O-O Bb7 8. b3
Nbd7 9. Bb2 Re8 10. a3 Bd6 11. Ne5 Qe7 12. b4 Rab8 13. Nxd7 Qxd7 14. c5 bxc5 15.
dxc5 Bf8 16. Nf3 c6 17. Rc1 Qc8 18. Re1 a5 19. Be5 Ra8 20. Qc2 Nd7 21. Bb2 axb4
22. axb4 f5 23. Ne5 Qc7 24. Nxd7 Qxd7 25. Be5 Ba6 26. Ra1 Qb7 27. Qb2 Bb5 28. f3
Rxa1 29. Rxa1 Ra8 30. Kf2 Bc4 31. Rxa8 Qxa8 32. Bf1 Qb7 33. h3 g6 34. Bf6 Kf7
35. Bc3 Be7 36. Bh8 Bf8 37. h4 Kg8 38. Bf6 Kf7 39. Bc3 Ke8 40. Qa1 Be7 41. Bd2
Bf8 42. Qe5 Qd7 43. Bc3 Bb5 44. Bh3 Qe7 45. Qh8 Kd7 46. Be5 Qf7 47. e3 Ke8 48.
Bf1 Bxf1 49. Kxf1 Qa7 50. Qf6 Qa4 51. Qxe6+ Be7 52. Bc3 Qd1+ 53. Be1 Qxf3+ 54.
Bf2 Qd1+ 55. Kg2 Qa4 56. Qg8+ Kd7 57. Qxh7 Qxb4 58. Qxg6 Qe4+ 59. Kg1 Qb1+ 60.
Kh2 Qc2 61. Kg2 Qe4+ 62. Kf1 Qd3+ 63. Kg1 Qb1+ 64. Kg2 Qe4+ 65. Kh2 Qc2 66. Kg1
Qb1+ 67. Kg2 1/2-1/2

[Event "SPICE Cup Open 2018"]
[Site "Saint Louis USA"]
[Date "2018.10.27"]
[Round "8.7"]
[White "Ostrovskiy, Aleksandr"]
[Black "Chandra, Akshat"]
[Result "1/2-1/2"]
[WhiteTitle "IM"]
[BlackTitle "GM"]
[WhiteElo "2423"]
[BlackElo "2471"]
[WhiteFideId "2034239"]
[BlackFideId "25006711"]
[EventDate "2018.10.23"]

1. c4 c5 2. Nf3 Nc6 3. d4 cxd4 4. Nxd4 g6 5. e4 Bg7 6. Be3 Nf6 7. Nc3 O-O 8. Be2
d6 9. Qd2 Bd7 10. f3 Nxd4 11. Bxd4 a5 12. O-O Bc6 13. b3 Nd7 14. Be3 Nc5 15.
Rab1 e6 16. Nb5 Be5 17. Nd4 Qh4 18. g3 Bxg3 19. hxg3 Qxg3+ 20. Kh1 Qh3+ 1/2-1/2

[Event "SPICE Cup Open 2018"]
[Site "Saint Louis USA"]
[Date "2018.10.27"]
[Round "8.8"]
[White "Tang, Andrew"]
[Black "Wang, Kevin"]
[Result "1/2-1/2"]
[WhiteTitle "GM"]
[BlackTitle "IM"]
[WhiteElo "2469"]
[BlackElo "2447"]
[WhiteFideId "2059630"]
[BlackFideId "2008424"]
[EventDate "2018.10.23"]

1. d4 d5 2. Bf4 Nf6 3. e3 Bg4 4. Qd3 c6 5. Qb3 Qb6 6. c4 Nbd7 7. Nc3 dxc4 8.
Bxc4 e6 9. h3 Bh5 10. Nge2 Be7 11. Bh2 Bg6 12. Nf4 Bf5 13. g4 Be4 14. Nxe4 Nxe4
15. Qxb6 axb6 16. Ke2 b5 17. Bb3 Nb6 18. Rhc1 Na4 19. Nd3 Bd6 20. Be5 Bf8 21. f3
Nf6 22. a3 Nd7 23. Bxa4 bxa4 24. h4 Nxe5 25. Nxe5 Bd6 26. Nc4 Be7 27. h5 O-O 28.
f4 Rfd8 29. Rc2 Ra6 30. Rac1 Rd5 31. Nd2 Rb6 32. Kf3 f6 33. Ke2 Rbb5 34. Rd1 e5
35. dxe5 fxe5 36. f5 Kf7 37. Rdc1 h6 38. Ne4 Ra5 39. Rc4 Ra6 40. Nc3 Rc5 41.
Rxc5 Bxc5 42. Rd1 Ke8 43. g5 hxg5 44. Kf3 b5 45. Rh1 g4+ 46. Ke2 Kf7 47. Rg1 b4
48. Ne4 Be7 49. axb4 Rb6 50. Rg2 Rxb4 51. Kd3 Rb3+ 52. Nc3 Bb4 53. Kc2 Bxc3 54.
bxc3 Rb5 1/2-1/2

[Event "SPICE Cup Open 2018"]
[Site "Saint Louis USA"]
[Date "2018.10.27"]
[Round "8.9"]
[White "Daggupati, Balaji"]
[Black "Patel, Advait"]
[Result "1/2-1/2"]
[WhiteTitle "FM"]
[BlackTitle "IM"]
[WhiteElo "2202"]
[BlackElo "2461"]
[WhiteFideId "2090759"]
[BlackFideId "2075105"]
[EventDate "2018.10.23"]

1. e4 e5 2. Nf3 Nc6 3. Bb5 Nf6 4. O-O Nxe4 5. d4 Nd6 6. Bg5 Be7 7. Bxe7 Qxe7 8.
Bxc6 dxc6 9. dxe5 Nf5 10. Nc3 O-O 11. Qe2 Be6 12. Ne4 a5 13. Neg5 Bd7 14. Rad1
h6 15. e6 Bxe6 16. Nxe6 fxe6 17. Ne5 Rfd8 18. Rde1 Re8 19. c3 Rad8 20. Qc2 Rd5
21. Re2 Qg5 22. f4 Qe7 23. Rfe1 Red8 24. Nf3 Qc5+ 25. Kh1 Qd6 26. Rxe6 Qxf4 27.
c4 Rd3 28. R6e4 Qd6 29. Re8+ Rxe8 30. Rxe8+ Kf7 31. Re1 Kg8 32. Re8+ Kf7 33. Re1 1/2-1/2

[Event "SPICE Cup Open 2018"]
[Site "Saint Louis USA"]
[Date "2018.10.27"]
[Round "8.10"]
[White "Peng, David"]
[Black "Cordova, Emilio"]
[Result "0-1"]
[WhiteTitle "FM"]
[BlackTitle "GM"]
[WhiteElo "2341"]
[BlackElo "2609"]
[WhiteFideId "2059355"]
[BlackFideId "3801497"]
[EventDate "2018.10.23"]

1. e4 c5 2. Nf3 Nc6 3. d4 cxd4 4. Nxd4 Nf6 5. Nc3 e5 6. Ndb5 d6 7. Bg5 a6 8. Na3
b5 9. Bxf6 gxf6 10. Nd5 Bg7 11. Bd3 Ne7 12. Nxe7 Qxe7 13. c4 f5 14. O-O O-O 15.
Qe2 d5 16. cxd5 fxe4 17. d6 Qh4 18. Bxe4 Rb8 19. Nc2 f5 20. Bd5+ Kh8 21. Rfd1
Rb6 22. Bb3 Bd7 23. Qe3 Rbb8 24. Qa7 Rbd8 25. Bd5 e4 26. Qxa6 Bxb2 27. Rab1 Be5
28. g3 Qf6 29. Qb6 Be8 30. Na3 Rxd6 31. Qc5 Bh5 32. Rd2 f4 33. Nxb5 Rdd8 0-1

[Event "SPICE Cup Open 2018"]
[Site "Saint Louis USA"]
[Date "2018.10.27"]
[Round "8.11"]
[White "Polgar-Shutzman, Tom"]
[Black "Escalante Ramirez, Brian Sebasti"]
[Result "1/2-1/2"]
[BlackTitle "IM"]
[WhiteElo "2130"]
[BlackElo "2442"]
[WhiteFideId "2064880"]
[BlackFideId "3819566"]
[EventDate "2018.10.23"]

1. e4 Nf6 2. e5 Nd5 3. d4 d6 4. Nf3 g6 5. Bc4 Nb6 6. Bb3 Bg7 7. a4 dxe5 8. Nxe5
O-O 9. O-O a5 10. c3 Na6 11. Qf3 Bxe5 12. dxe5 Nc5 13. Bc2 Be6 14. Bh6 Re8 15.
Nd2 Qd5 16. Qg3 Bd7 17. b4 axb4 18. cxb4 Ncxa4 19. Bb3 Qb5 20. Nf3 Nc3 21. Bxf7+
Kxf7 22. Ng5+ Kg8 23. Qxc3 Qc4 24. Qg3 Qg4 25. Qb3+ Qc4 26. Qg3 Rxa1 27. Rxa1
Qg4 28. Qb3+ e6 29. Qf3 Qxf3 30. Nxf3 Bc6 31. Nd4 Bd5 32. Nb5 Rc8 33. Bg5 Kf7
34. h4 Ke8 35. h5 gxh5 36. Ra3 Be4 37. Rh3 Bg6 38. Nd4 Kd7 39. Rf3 c6 40. Nb3
Bf5 41. Nd4 Rf8 42. Nb3 Nd5 43. Nc5+ Ke8 44. Nxb7 Rg8 45. Bd2 Kd7 46. Nd6 Bg6
47. Ra3 Kc7 48. Ra7+ Kb6 49. Rb7+ Ka6 50. b5+ cxb5 51. Rxb5 h4 52. Kh2 Bd3 53.
Ra5+ Kb6 54. Ra1 Kc5 55. Nf7 Rb8 1/2-1/2

[Event "SPICE Cup Open 2018"]
[Site "Saint Louis USA"]
[Date "2018.10.27"]
[Round "8.12"]
[White "Yanayt, Eugene"]
[Black "Kiewra, Keaton"]
[Result "1-0"]
[WhiteTitle "FM"]
[BlackTitle "IM"]
[WhiteElo "2137"]
[BlackElo "2375"]
[WhiteFideId "2020165"]
[BlackFideId "2019280"]
[EventDate "2018.10.23"]

1. d4 g6 2. c4 Bg7 3. e4 e6 4. Nf3 Ne7 5. Be2 d5 6. Nc3 Nbc6 7. e5 O-O 8. h4
dxc4 9. h5 Nf5 10. hxg6 fxg6 11. Bg5 Qd7 12. Ne4 Nfxd4 13. Nf6+ Bxf6 14. Bxf6
Nxf3+ 15. Bxf3 Nb4 16. Rh4 c6 17. Rxc4 Qxd1+ 18. Rxd1 Nd5 19. Bxd5 exd5 20. Rh4
Be6 21. Kd2 Rf7 22. Rdh1 Rd7 23. g4 d4 24. f4 Bd5 25. Re1 c5 26. f5 gxf5 27.
gxf5 Rf7 28. Rh6 Kf8 29. e6 Rxf6 30. Rxf6+ Ke7 31. Rf7+ Kd6 32. Rd7+ Kc6 33.
Rxd5 1-0

[Event "SPICE Cup Open 2018"]
[Site "Saint Louis USA"]
[Date "2018.10.27"]
[Round "8.13"]
[White "Grabinsky, Aaron"]
[Black "Narayanan, Samrug"]
[Result "1-0"]
[WhiteElo "2375"]
[BlackElo "2145"]
[WhiteFideId "2087090"]
[BlackFideId "30914051"]
[EventDate "2018.10.23"]

1. e4 e6 2. d3 d5 3. Nd2 c5 4. g3 Bd6 5. Bg2 Ne7 6. f4 O-O 7. Ngf3 Nbc6 8. O-O
f6 9. c3 b5 10. a4 b4 11. c4 d4 12. e5 fxe5 13. fxe5 Bc7 14. Ne4 Bb6 15. Bf4 Ng6
16. Nfg5 h6 17. Qh5 Nh8 18. Nd6 hxg5 19. Bxg5 Rxf1+ 20. Rxf1 Qd7 21. Rf8+ 1-0

[Event "SPICE Cup Open 2018"]
[Site "Saint Louis USA"]
[Date "2018.10.27"]
[Round "8.14"]
[White "Williams, Justus"]
[Black "Wang, Tianqi"]
[Result "1/2-1/2"]
[WhiteTitle "FM"]
[WhiteElo "2344"]
[BlackElo "2346"]
[WhiteFideId "2049929"]
[BlackFideId "2063824"]
[EventDate "2018.10.23"]

1. Nf3 Nf6 2. g3 d5 3. Bg2 Bf5 4. c4 e6 5. O-O c6 6. d3 Be7 7. Nc3 h6 8. cxd5
exd5 9. Nd4 Bh7 10. e4 dxe4 11. dxe4 Nbd7 12. Qe2 O-O 13. Rd1 Bc5 14. Nb3 Bb6
15. Na4 Qe7 16. Nxb6 axb6 17. f3 Rfe8 18. Qf2 c5 19. h3 Nf8 20. Be3 Red8 21. Nd2
Ne6 22. Nc4 Qc7 23. Rdc1 Nd7 24. a4 Nf6 25. b4 Nd4 26. a5 bxa5 27. Nxa5 Ne6 28.
Bxc5 Nxc5 29. Rxc5 Qb6 30. Rb1 Bg6 31. Nc4 Qe6 32. Rc1 Nd7 33. Rd5 Rdc8 34. Bf1
Nf6 35. Re5 Qa6 36. Rc5 Qe6 37. Nd6 Rxc5 38. Qxc5 Nd7 39. Qd5 Qf6 40. f4 Qb2 41.
Rc8+ Rxc8 42. Nxc8 Nf6 43. Qd8+ Kh7 44. f5 Bh5 45. Qd3 Qxb4 46. Nd6 Qb6+ 47. Kg2
Qb2+ 48. Kg1 Qb6+ 49. Kg2 Qb2+ 1/2-1/2

[Event "SPICE Cup Open 2018"]
[Site "Saint Louis USA"]
[Date "2018.10.27"]
[Round "8.15"]
[White "Polavaram, Rithik"]
[Black "Santarius, Erik"]
[Result "1/2-1/2"]
[BlackTitle "IM"]
[WhiteElo "2069"]
[BlackElo "2404"]
[WhiteFideId "2081997"]
[BlackFideId "2025817"]
[EventDate "2018.10.23"]

1. d4 d5 2. c4 e6 3. Nc3 Nf6 4. cxd5 Nxd5 5. e4 Nxc3 6. bxc3 c5 7. Rb1 cxd4 8.
cxd4 Nc6 9. Nf3 Bb4+ 10. Bd2 Bxd2+ 11. Qxd2 O-O 12. Bc4 b6 13. O-O Bb7 14. Qd3
Rc8 15. Ba6 Bxa6 16. Qxa6 Nxd4 17. Nxd4 Qxd4 18. Qxa7 Qxe4 19. Qxb6 Ra8 20. Qb3
Ra4 21. Rfe1 Qa8 22. Re2 g6 23. h3 Ra3 24. Qb2 Qa6 25. Rc1 Ra8 26. Rcc2 Rd3 27.
Red2 Rxd2 28. Rxd2 Qc4 29. Qc2 Qf4 30. Qc3 Qe4 31. Kh2 h5 32. Qf6 Qb4 33. Rd8+
Rxd8 34. Qxd8+ Kg7 35. Qc7 Qa4 36. Qe5+ f6 37. Qxe6 Qf4+ 38. Kg1 Qc1+ 39. Kh2
Qf4+ 40. Kg1 1/2-1/2

[Event "SPICE Cup Open 2018"]
[Site "Saint Louis USA"]
[Date "2018.10.27"]
[Round "8.16"]
[White "Ghazarian, Kirk"]
[Black "Moon, Benjamin"]
[Result "1-0"]
[WhiteElo "2222"]
[BlackElo "2304"]
[WhiteFideId "30908604"]
[BlackFideId "2064847"]
[EventDate "2018.10.23"]

1. d4 Nf6 2. c4 g6 3. g3 Bg7 4. Bg2 O-O 5. Nc3 d6 6. Nf3 Nc6 7. O-O Bf5 8. d5
Na5 9. Nd2 c6 10. b4 Nxc4 11. Nxc4 Nxd5 12. Nxd5 Bxa1 13. Bh6 Bg7 14. Bxg7 Kxg7
15. Nde3 Bc8 16. a4 d5 17. Nb2 a6 18. Qd4+ f6 19. f4 Qd6 20. Nd3 Be6 21. f5 Bc8
22. Rf4 e5 23. fxe6 Bxe6 24. g4 Rf7 25. g5 Raf8 26. Nf2 h5 27. gxf6+ Kh7 28. Be4
Kh6 29. Rh4 Kg5 30. Bxd5 Kh6 31. Bxe6 Qxe6 32. Qf4+ Kh7 33. Ne4 Kg8 34. Ng5 Qxf6
35. Nxf7 Qe7 36. Qe4 Qxf7 37. Qc4 1-0

[Event "SPICE Cup Open 2018"]
[Site "Saint Louis USA"]
[Date "2018.10.27"]
[Round "8.17"]
[White "Betaneli, Alexander"]
[Black "Watson, John"]
[Result "1/2-1/2"]
[WhiteTitle "FM"]
[BlackTitle "IM"]
[WhiteElo "2272"]
[BlackElo "2203"]
[WhiteFideId "2012359"]
[BlackFideId "2000768"]
[EventDate "2018.10.23"]

1. g3 g6 2. c4 Bg7 3. Bg2 c5 4. Nc3 Nc6 5. d3 d6 6. Qd2 e5 7. b3 Nge7 8. Bb2 O-O
9. e3 a6 10. Nge2 Rb8 11. O-O b5 12. Nd5 Nxd5 13. cxd5 Ne7 14. d4 exd4 15. exd4
c4 16. bxc4 bxc4 17. Rac1 Bb7 18. Rxc4 Nxd5 19. Ba3 Re8 20. Rc2 Nb6 21. d5 a5
22. Nd4 Nxd5 23. Nc6 Bxc6 24. Rxc6 Nb4 25. Rxd6 Qe7 26. Rd1 Be5 27. Rd7 Qf6 28.
Bc1 Rbc8 29. Qg5 Nxa2 30. Qxf6 Bxf6 31. Bd5 Rxc1 32. Bxf7+ Kf8 33. Bxa2 Rxd1+ 1/2-1/2

[Event "SPICE Cup Open 2018"]
[Site "Saint Louis USA"]
[Date "2018.10.28"]
[Round "9.2"]
[White "Cori, Jorge"]
[Black "Lenderman, Aleksandr"]
[Result "1-0"]
[WhiteTitle "GM"]
[BlackTitle "GM"]
[WhiteElo "2664"]
[BlackElo "2626"]
[WhiteFideId "3802272"]
[BlackFideId "2021285"]
[EventDate "2018.10.23"]

1. d4 Nf6 2. Nf3 d5 3. c4 e6 4. Nc3 Bb4 5. e3 O-O 6. Qc2 b6 7. cxd5 exd5 8. Bd3
Bb7 9. O-O a6 10. a3 Bd6 11. b4 Re8 12. b5 Bf8 13. Bb2 axb5 14. Bxb5 c6 15. Bd3
Ba6 16. Rfc1 Bxd3 17. Qxd3 Bd6 18. a4 Ne4 19. Qc2 Nxc3 20. Qxc3 Re6 21. h3 Bc7
22. Qb3 Nd7 23. Rc2 Rc8 24. Rac1 Bb8 25. Qxd5 cxd5 26. Rxc8 Re8 27. Rxd8 Rxd8
28. Rc6 f6 29. Ne1 Kf7 30. Nd3 1-0

[Event "SPICE Cup Open 2018"]
[Site "Saint Louis USA"]
[Date "2018.10.28"]
[Round "9.3"]
[White "Gledura, Benjamin"]
[Black "Bruzon Batista, Lazaro"]
[Result "1/2-1/2"]
[WhiteTitle "GM"]
[BlackTitle "GM"]
[WhiteElo "2621"]
[BlackElo "2653"]
[WhiteFideId "712779"]
[BlackFideId "3503739"]
[EventDate "2018.10.23"]

1. Nf3 Nf6 2. c4 e6 3. g3 d5 4. Bg2 Be7 5. d4 O-O 6. O-O dxc4 7. Qc2 a6 8. a4 c5
9. dxc5 Bxc5 10. Qxc4 Nbd7 11. Nc3 b5 12. Qh4 Bb7 13. axb5 axb5 14. Rxa8 Qxa8
15. Nxb5 Ne5 16. Nxe5 Bxg2 17. Rd1 Bh1 18. Qh3 Qb8 19. Kxh1 Qxe5 1/2-1/2

[Event "SPICE Cup Open 2018"]
[Site "Saint Louis USA"]
[Date "2018.10.28"]
[Round "9.4"]
[White "Bok, Benjamin"]
[Black "Durarbayli, Vasif"]
[Result "1-0"]
[WhiteTitle "GM"]
[BlackTitle "GM"]
[WhiteElo "2639"]
[BlackElo "2629"]
[WhiteFideId "1017063"]
[BlackFideId "13402935"]
[EventDate "2018.10.23"]

1. Nf3 Nf6 2. c4 c5 3. Nc3 e6 4. g3 b6 5. Bg2 Bb7 6. O-O Be7 7. Re1 d5 8. cxd5
exd5 9. d4 O-O 10. b3 Nc6 11. Bb2 Re8 12. Rc1 cxd4 13. Nxd4 Nxd4 14. Qxd4 Bc5
15. Qf4 Re6 16. Nb5 Ne4 17. e3 Qd7 18. Bh3 Rf8 19. Nd4 Bd6 20. Qf5 Rfe8 21. Nxe6
fxe6 22. Qh5 Rf8 23. Rc2 Nc5 24. Bd4 Qe7 25. Rd1 g6 26. Qg4 Bc8 27. Bxc5 Bxc5
28. b4 e5 29. Qxc8 Rxc8 30. Bxc8 Bxb4 31. Rxd5 Qf6 32. Rd7 Bc5 33. Rcd2 Bb4 34.
Rd1 Qf3 35. Bb7 Qe2 36. Bd5+ Kh8 37. Bb3 Be1 38. Rf7 Bd2 39. h4 a5 40. Rd7 Be1
41. Rf7 Bd2 42. Rd7 Be1 43. Rd8+ Kg7 44. R1d7+ Kh6 45. Rf8 Bxf2+ 46. Rxf2 Qg4
47. Rff7 Qxg3+ 48. Kf1 Qh3+ 49. Ke2 Qg2+ 50. Kd3 Kh5 51. Rxh7+ Kg4 52. h5 Qf1+
53. Ke4 Qf3+ 54. Kxe5 Qxe3+ 55. Kd6 Qc5+ 56. Ke6 gxh5 57. Rdf7 Qc6+ 58. Ke5 Qc3+
59. Kd6 Qd4+ 60. Kc6 Kh4 61. Rfg7 Qc5+ 62. Kb7 b5 63. Be6 Qe5 64. Rg4+ Kh3 65.
Re4+ 1-0

[Event "SPICE Cup Open 2018"]
[Site "Saint Louis USA"]
[Date "2018.10.28"]
[Round "9.5"]
[White "Patel, Advait"]
[Black "Prohaszka, Peter2"]
[Result "1/2-1/2"]
[WhiteTitle "IM"]
[BlackTitle "GM"]
[WhiteElo "2461"]
[BlackElo "2626"]
[WhiteFideId "2075105"]
[BlackFideId "726265"]
[EventDate "2018.10.23"]

1. e4 c6 2. d4 d5 3. e5 Bf5 4. Nf3 e6 5. Be2 Ne7 6. O-O Bg6 7. Nbd2 Nf5 8. Nb3
Nd7 9. Bd2 Be7 10. g4 Nh4 11. Nxh4 Bxh4 12. f4 f5 13. Bd3 Be7 14. gxf5 Bxf5 15.
Bxf5 exf5 16. Qh5+ g6 17. Qh6 Bf8 18. Qh3 Be7 19. Qh6 Bf8 20. Qh3 Be7 21. Qh6
Bf8 1/2-1/2

[Event "SPICE Cup Open 2018"]
[Site "Saint Louis USA"]
[Date "2018.10.28"]
[Round "9.6"]
[White "Wang, Kevin"]
[Black "Shimanov, Aleksandr"]
[Result "0-1"]
[WhiteTitle "IM"]
[BlackTitle "GM"]
[WhiteElo "2447"]
[BlackElo "2626"]
[WhiteFideId "2008424"]
[BlackFideId "4198603"]
[EventDate "2018.10.23"]

1. e4 c6 2. d4 d5 3. exd5 cxd5 4. Bd3 Nc6 5. c3 Nf6 6. Bf4 Bg4 7. Qb3 Qd7 8. Nd2
e6 9. Ngf3 Bd6 10. Bxd6 Qxd6 11. O-O O-O 12. Rae1 Bxf3 13. Nxf3 Qc7 14. Qc2 g6
15. Qd2 Kg7 16. Ne5 Nxe5 17. dxe5 Nd7 18. f4 Rae8 19. Kh1 a6 20. Bc2 b5 21. Rf3
h5 22. Rg3 Nc5 23. Qe2 Rh8 24. b4 Nd7 25. a4 h4 26. Rh3 bxa4 27. Bxa4 Ra8 28.
Ra1 a5 29. Bxd7 axb4 30. Rc1 Qxd7 31. cxb4 Rhc8 32. Rb1 Rc4 33. Qe1 Qe7 34. Rhb3
Rxf4 35. b5 Qg5 36. R3b2 Re4 37. Qf2 Qxe5 38. b6 Rb8 39. b7 Rc4 40. h3 Qg3 41.
Qb6 Qc7 42. Qe3 d4 43. Qd2 e5 44. Kg1 e4 45. Rb4 e3 46. Qd3 Rxb4 47. Rxb4 Qc1+
48. Kh2 Qc7+ 49. Kg1 Qc1+ 50. Kh2 Qc5 51. Qxd4+ Qxd4 52. Rxd4 Rxb7 53. Rxh4 Re7 0-1

[Event "SPICE Cup Open 2018"]
[Site "Saint Louis USA"]
[Date "2018.10.28"]
[Round "9.7"]
[White "Ostrovskiy, Aleksandr"]
[Black "Quesada Perez, Yuniesky"]
[Result "0-1"]
[WhiteTitle "IM"]
[BlackTitle "GM"]
[WhiteElo "2423"]
[BlackElo "2622"]
[WhiteFideId "2034239"]
[BlackFideId "3504409"]
[EventDate "2018.10.23"]

1. e4 c5 2. Nf3 e6 3. d4 cxd4 4. Nxd4 Nc6 5. Nc3 Qc7 6. Be3 a6 7. Qf3 Nf6 8.
O-O-O d6 9. Qg3 Bd7 10. Kb1 Rc8 11. Nxc6 Bxc6 12. Bd3 b5 13. f3 h5 14. h4 b4 15.
Ne2 Qb7 16. e5 dxe5 17. Qxe5 Be7 18. Nf4 Bb5 19. Bxb5+ axb5 20. g4 hxg4 21. fxg4
Qc6 22. g5 O-O 23. Bd4 Qxc2+ 24. Ka1 Ra8 25. a3 b3 26. Qe2 Bxa3 27. Qxc2 bxc2
28. bxa3 cxd1=Q+ 29. Rxd1 Ne4 0-1

[Event "SPICE Cup Open 2018"]
[Site "Saint Louis USA"]
[Date "2018.10.28"]
[Round "9.8"]
[White "Cordova, Emilio"]
[Black "Daggupati, Balaji"]
[Result "1/2-1/2"]
[WhiteTitle "GM"]
[BlackTitle "FM"]
[WhiteElo "2609"]
[BlackElo "2202"]
[WhiteFideId "3801497"]
[BlackFideId "2090759"]
[EventDate "2018.10.23"]

1. Nf3 d5 2. c4 d4 3. e3 Nc6 4. exd4 Nxd4 5. Nxd4 Qxd4 6. Nc3 c6 7. d3 Nh6 8.
Be2 Nf5 9. g4 Nh4 10. Rg1 Qd6 11. Rg3 h5 12. gxh5 Nf5 13. Rg2 Nh4 14. Rg3 Nf5
15. Rg2 Nh4 16. Rg3 1/2-1/2